LEADER 01982nas 2200553 450 001 9910766901003321 005 20231219093118.0 035 $a(OCoLC)1415203802 035 $a(OCoLC)on1415203802 035 $a(EXLCZ)9929345438600041 100 $a20231219a20uu9999 uy 101 0 $aeng 135 $aur||||||||||| 181 $ctxt$2rdacontent 182 $cc$2rdamedia 183 $acr$2rdacarrier 200 00$aOn common ground 210 1$aWashington, DC :$cNational Association of Realtors 215 $a1 online resource 300 $aIssues have distinctive titles. 311 08$aPrint version: On common ground (Washington, D.C.) (OCoLC)69660869 (DLC) 2023242972 517 3 $aOn common ground realtors and smart growth 606 $aSustainable development$vPeriodicals 606 $aUrban ecology (Sociology)$vPeriodicals 606 $aReal estate business$vPeriodicals 606 $aDe?veloppement durable$3(CaQQLa)201-0207835$vPe?riodiques$3(CaQQLa)201-0378307 606 $aE?cologie urbaine$3(CaQQLa)201-0065419$vPe?riodiques$3(CaQQLa)201-0378307 606 $aImmobilier$3(CaQQLa)201-0005677$vPe?riodiques$3(CaQQLa)201-0378307 606 $aReal estate business$2fast$3(OCoLC)fst01090898 606 $aSustainable development$2fast$3(OCoLC)fst01139731 606 $aUrban ecology (Sociology)$2fast$3(OCoLC)fst01733718 608 $aPeriodicals.$2fast 608 $aPeriodicals.$2lcgft 615 0$aSustainable development 615 0$aUrban ecology (Sociology) 615 0$aReal estate business 615 6$aDe?veloppement durable 615 6$aE?cologie urbaine 615 6$aImmobilier 615 7$aReal estate business. 615 7$aSustainable development. 615 7$aUrban ecology (Sociology) 712 02$aNational Association of Realtors, 801 0$bWAU 801 1$bWAU 912 $a9910766901003321 994 $aC0$bWAU 996 $aOn common ground$93648928 997 $aUNINA